| 000 | 00547nam a2200217Ia 4500 | ||
|---|---|---|---|
| 003 | LK-CoDNM | ||
| 005 | 20241010125906.0 | ||
| 008 | 010623t1859 xxu||||| |||| 00| 1 eng d | ||
| 040 |
_aLK-CoDNM _dLK-CoDNM _eLK-CoDNM |
||
| 041 | _aeng | ||
| 080 |
_a5 _bJ6 |
||
| 100 | _aHuxley,Thomas Henry. | ||
| 245 | _aThe Oceanic Hydrozoa. | ||
| 260 |
_bRay Society _aLondon _c1859 |
||
| 300 | _bx, 143p. : 12ill , 36 cm | ||
| 650 | _aHuxley,Thomas Henry. | ||
| 650 | _aThe Oceanic Hydrozoa. | ||
| 650 | _aRay Society | ||
| 650 | _a5J6 | ||
| 942 | _cBK | ||
| 999 |
_c81461 _d81461 |
||